书目信息 |
| 题名: |
哲学门
|
|
| 作者: | 赵敦华 主编 | |
| 分册: | 第九卷(2009)第二册 | |
| 出版信息: | 北京 北京大学出版社 2009.02 |
|
| 页数: | 343页 | |
| 开本: | 24cm | |
| 丛书名: | ||
| 单 册: | ||
| 中图分类: | B-53 | |
| 科图分类: | ||
| 主题词: | 哲学--zhe xue--文集 | |
| 电子资源: | ||
| ISBN: | 978-7-301-14917-1 | |
| 000 | 00887nam0 2200217 450 | |
| 001 | 01CN04390611@CSLN | |
| 005 | 20100526105359.54 | |
| 010 | @a978-7-301-14917-1@dCNY35.00 | |
| 100 | @a20100515d2009 em y0chiy50 ea | |
| 101 | 0 | @achi |
| 102 | @aCN@b110000 | |
| 105 | @ay z 000yy | |
| 200 | 1 | @a哲学门@Azhe xue men@h第九卷(2009)第二册@f赵敦华主编 |
| 210 | @a北京@c北京大学出版社@d2009.02 | |
| 215 | @a343页@d24cm | |
| 330 | @a本书包括“荀子的经典之学”、“屈原与郭店楚墓竹书”等论坛;“如何思考自身”、“人己中道:杜威与儒家”等论文;“心平气和看孔子”、“元伦理学的根本问题、发展趋势与理论前沿”两篇评论;“成中英:《易学本体论》”、“朱良志:《中国美学十五讲》”等书评;“黄宗羲:《明儒学案》”、“皮锡瑞《经学通论》”等书讯。 | |
| 606 | 0 | @a哲学@Azhe xue@j文集 |
| 690 | @aB-53@v4 | |
| 701 | 0 | @a赵敦华@Azhao dun hua@4主编 |
| 801 | 0 | @aCN@c20100515 |
| 905 | @dB-53@eZ292:9:2@f3 | |
| 哲学门.第九卷(2009)第二册/赵敦华主编.-北京:北京大学出版社,2009.02 |
| 343页;24cm |
| ISBN 978-7-301-14917-1:CNY35.00 |
| 本书包括“荀子的经典之学”、“屈原与郭店楚墓竹书”等论坛;“如何思考自身”、“人己中道:杜威与儒家”等论文;“心平气和看孔子”、“元伦理学的根本问题、发展趋势与理论前沿”两篇评论;“成中英:《易学本体论》”、“朱良志:《中国美学十五讲》”等书评;“黄宗羲:《明儒学案》”、“皮锡瑞《经学通论》”等书讯。 |
| ● |
| 相关链接 |
|
|
|
正题名:哲学门
索取号:B-53/Z292:9:2
 
预约/预借
| 序号 | 登录号 | 条形码 | 馆藏地/架位号 | 状态 | 备注 |